Dealing with delay claims (Record no. 79357)

MARC details
000 -LEADER
fixed length control field 00826cab a22001935a 4500
001 - CONTROL NUMBER
control field L140818
008 - FIXED-LENGTH DATA ELEMENTS--GENERAL INFORMATION
fixed length control field 071012e20070919xxk f 000 0 eng d
035 ## - SYSTEM CONTROL NUMBER
System control number (Sirsi) u140818
041 0# - LANGUAGE CODE
Language code of text/sound track or separate title eng
100 1# - MAIN ENTRY--PERSONAL NAME
Personal name Blake, David
245 00 - TITLE STATEMENT
Title Dealing with delay claims
260 ## - PUBLICATION, DISTRIBUTION, ETC.
Date of publication, distribution, etc. 2007
490 ## - SERIES STATEMENT
Series statement Contract Journal
Volume/sequential designation 440(6643) 19 September 2007, 48(1)
520 ## - SUMMARY, ETC.
Summary, etc. Examines revisions in the JCT Standard Building Sub Contract (2005). Subcontractors now need to provide much more detail of all their claims. Previously they had been able to simply provide a gross figure. Also considers extension of time claims, late performance or failure to perform by the subcontractor.
590 ## - LOCAL NOTE (RLIN)
Local note KA
651 #4 - SUBJECT ADDED ENTRY--GEOGRAPHIC NAME
Geographic name United Kingdom
Chronological subdivision
690 ## - LOCAL SUBJECT ADDED ENTRY--TOPICAL TERM (OCLC, RLIN)
Topical term or geographic name as entry element BUILT ENVIRONMENT-CONSTRUCTION MANAGEMENT-BUILDING CONTRACT ADMINISTRATION
942 ## - ADDED ENTRY ELEMENTS (KOHA)
Suppress in OPAC 0
Holdings
Withdrawn status Lost status Source of classification or shelving scheme Damaged status Not for loan Home library Current library Shelving location Date acquired Total Checkouts Full call number Barcode Date last seen Copy number Price effective from Koha item type
    Dewey Decimal Classification     London London Journal article 12/10/2007   L140818 140818-1001 06/08/2019 1 06/08/2019 Journal article